Composite structures (Record no. 38139)

MARC details
000 -LEADER
fixed length control field 00427nam a2200157Ia 4500
022 ## - INTERNATIONAL STANDARD SERIAL NUMBER
ISSN 02638223
050 ## - CALL MARK
Classification number TA 664 .C66/
245 #0 - TITLE STATEMENT
Title Composite structures
260 ## - PUBLICATION, DISTRIBUTION, ETC. (IMPRINT)
Name of publisher Elsevier
260 ## - PUBLICATION, DISTRIBUTION, ETC. (IMPRINT)
Year of publication 2021
300 ## - PHYSICAL DESCRIPTION
Number of Pages vii, 311 p. :ill. ; 23 cm.
650 ## - SUBJECT ADDED ENTRY--TOPICAL TERM
Topical Term Composite construction--Congresses. Building, Iron and steel--Congresses.
942 ## - ADDED ENTRY ELEMENTS (KOHA)
Koha item type Serials

No items available.